000 00678nam a2200277Ia 4500
005 20260324122532.0
008 008 260324s9999 xx 000 0 eng d
020 _a9781315596501
037 _aEBOOK
040 _aCRL
040 _beng
040 _cCRL
041 _2eng
041 _aeng
084 _qCRL
100 _aSuzanne Keene; Francesca Monti
_91166822
245 0 _aMuseums and Silent Objects: Designing Effective Exhibitions
260 _bTaylor and Francis
260 _c2013
365 _a
365 _b240
856 _uhttp://www.taylorfrancis.com/books/9781315596501
942 _cEBOOK
999 _c1759648
_d1759648